Normal view
MARC view
Entry Personal Name
001 - CONTROL NUMBER
- control field: 167750
003 - CONTROL NUMBER IDENTIFIER
- control field: OSt
005 - DATE AND TIME OF LATEST TRANSACTION
- control field: 20220923224028.0
008 - FIXED-LENGTH DATA ELEMENTS
- fixed length control field: 220923|| aca||aabn | a|a d
040 ## - CATALOGING SOURCE
- Original cataloging agency: OSt
- Transcribing agency: OSt
100 ## - HEADING--PERSONAL NAME
- Personal name: लुकाच, ग्यार्ग; नरेश, 'नदीम', अनु
670 ## - SOURCE DATA FOUND
- Source citation: Work cat.: (OSt)368745: लुकाच, ग्यार्ग; नरेश, 'नदीम', अनु., इतिहास और वर्ग चेतना, 2003
